000 00804nam a2200241 a 4500
001 BRCA_7858
005 20190320210028.0
008 191113s1965----sp-a######---#000-0#spa-#
041 _aspa
044 _asp
050 4 _aNK2599
_b.C66 1965
100 1 _aContreras y López de Ayala, Juan de
_cMarqués de Lozoya
_d1893-1978
_918530
245 1 0 _aMuebles de estilo español desde el gótico hasta el siglo XIX con el mueble popular
_ctexto del Marqués de Lozoya ; selección de ilustraciones por José Claret Rubira.
250 _a2
260 _aBarcelona
_bG. Gili
_c1965
300 _a451 p.
_bil., 408 láminas
_c31 cm.
500 _aY84
650 1 4 _aMuebles españoles
_919449
650 1 4 _aMuebles
_xHistoria
_94173
700 1 _aClaret Rubira, José
_94457
902 _aGFM
942 _2lcc
_cB
999 _c7532
_d7532